Le Brésil en images - Statistiques

Statistiques générales
  • Ce quiz a été pris 218 fois
  • Le résultat moyen est 11 sur 16
Statistiques - réponses
Par images Hint Réponse % Correct
Sport Football
98%
Ville Rio de Janeiro
98%
Forêt Amazonie
96%
Fête Carnaval de Rio
95%
Joueur de foot Neymar
90%
Monument Christ Rédempteur
85%
Fleuve Amazone
82%
Ville São Paulo
81%
Animal Jaguar
78%
Plage Copacabana
63%
Homme politique Lula
59%
Pilote Ayrton Senna
51%
Stade Maracanã
51%
Cascade Chutes d'Iguazú
28%
Plat Feijoada
20%
Animal national Merle à ventre roux
3%
Aucun quiz correspondant
Distribution des résultats
% des personnes avec chaque résultat
Percentile par nombre de réponses
Votre historique - résultats
Vous n’avez pas pris ce quiz